Odvrácená tvář sportu : pády, prohry, bouračky /

Hlavní autor: Suchánek, Jaroslav, 1936-
Jazyk: Čeština
Vydáno: V Praze : Euromedia Group - Knižní klub, 2006
Edice: Universum (Knižní klub)
Témata:
Externí odkaz: Digitalizovaný dokument
Fyzický popis: 183 s. : il. (některé barev.), portréty ; 25 cm
Knihy
Uloženo v:
LEADER 01746nam a2200493 a 4500
001 nkc20061645872
003 CZ PrNK
005 20211213100011.0
007 ta
008 060307s2006 xr ac e 001 0dcze
015 |a cnb001645872 
020 |a 80-242-1621-3  |q (váz.) :  |c Kč 249,00 
035 |a (OCoLC)85719450 
040 |a BOA001  |b cze  |d ABA001 
072 7 |a 796  |x Sport. Hry. Tělesná cvičení  |2 Konspekt  |9 20 
080 |a 796/799  |2 MRF 
080 |a 796.071.2  |2 MRF 
080 |a 088  |2 MRF 
080 |a 343.542  |2 MRF 
080 |a (048.8)  |2 MRF 
100 1 |a Suchánek, Jaroslav,  |d 1936-  |7 mzk2006343205  |4 aut 
245 1 0 |a Odvrácená tvář sportu :  |b pády, prohry, bouračky /  |c Jaroslav Suchánek 
260 |a V Praze :  |b Euromedia Group - Knižní klub,  |c 2006 
300 |a 183 s. :  |b il. (některé barev.), portréty ;  |c 25 cm 
490 1 |a Universum 
504 |a Obsahuje bibliografii a rejstřík 
650 0 7 |a sport  |7 ph116248  |2 czenas 
650 0 7 |a sportovci  |7 ph125942  |2 czenas 
650 0 7 |a kuriozity, rekordy a zajímavosti  |7 ph115040  |2 czenas 
650 0 7 |a aféry  |7 ph118294  |2 czenas 
650 0 9 |a sport  |2 eczenas 
650 0 9 |a sportsmen  |2 eczenas 
650 0 9 |a curiosities, records and wonders  |2 eczenas 
650 0 9 |a scandals  |2 eczenas 
655 7 |a přehledy  |7 fd133202  |2 czenas 
655 9 |a surveys  |2 eczenas 
830 0 |a Universum (Knižní klub)  |0 s 
856 4 1 |u http://www.digitalniknihovna.cz/mzk/uuid/uuid:8f5f3910-d40b-11e6-8f91-005056827e51  |y Digitalizovaný dokument  |x NDK 
910 2 |a BOA001  |b 2-1164.525 
928 9 |a Knižní klub 
990 |a BK 
995 |a 01 
991 |b 200606  |c NOV 
996 6 |b 2610279475  |c 2-1164.525  |l MZK  |r Sklad / do 1 hodiny  |n 0  |p p.v.  |w 000816735  |u 000010  |a 1  |e BOA001  |j MZK50  |s P